000 00814cam a22002051 4500
001 pa 61000032
003 DLC
005 20260227111855.0
008 780425s1961 dcu i00000 eng c
010 _apa 61000032 //r853
035 _aocl73751913
040 _aPan American Union. Library
_cWMaUCS
_dWMaUCS
050 0 _aF1405.5 1959
_b.O7 OEA/ser.I/VI.2, CIJ-57 (English)
110 2 0 _aInter-American Juridical Committee.
245 1 0 _aReservation of theoretical adherence to multilateral treaties.
_bReport prepared in accordance with Resolution XI of the fourth meeting of the Inter-American Council of Jurists.
260 0 _aWashington,
_bPan American Union,
_c1961.
300 _a5 p.
_c28 cm.
440 0 _a[OAS official records] ;
_vOEA/Ser.I/VI.2, CIJ-57 (English)
650 0 _aTreaties
_xReservations.
999 _c51465
_d51465